[Event "Krefeld op"]
[Site "Krefeld"]
[Date "2023.08.06"]
[Round "8"]
[White "Roth, Jan Paul"]
[Black "Eichert, Jonathan"]
[Result "1/2-1/2"]
[WhiteElo "1670"]
[BlackElo "1894"]
[PlyCount "88"]
[EventDate "2023.08.02"]
[EventType "swiss"]
[EventRounds "9"]
[EventCountry "GER"]
[SourceTitle "CBM 215 Extra"]
[Source "ChessBase"]
[SourceDate "2023.09.30"]
[SourceVersion "1"]
[SourceVersionDate "2023.09.30"]
[SourceQuality "1"]

1. e4 c6 2. b3 d5 3. exd5 cxd5 4. Bb2 Bf5 5. Nf3 Nf6 6. Bb5+ Nc6 7. Nd4 Qc8 8. Nxf5 Qxf5 9. 0-0 e6 10. c4 Bd6 11. f3 0-0 12. Bxc6 bxc6 13. Ba3 c5 14. d4 Qf4 15. g3 Qe3+ 16. Kg2 Rfc8 17. Re1 Qg5 18. Nd2 Nh5 19. Nf1 Rc6 20. cxd5 Qxd5 21. dxc5 Bxc5 22. Qxd5 exd5 23. Bxc5 Rxc5 24. Rad1 Rac8 25. Ne3 Nf6 26. Rd2 Kf8 27. Red1 g6 28. Nxd5 Nxd5 29. Rxd5 Rxd5 30. Rxd5 Rc2+ 31. Kg1 Rxa2 32. Rd7 Kg7 33. b4 g5 34. b5 Kg6 35. b6 axb6 36. Rd6+ f6 37. Rxb6 h5 38. Rb5 g4 39. f4 Rc2 40. Rd5 h4 41. gxh4 Rc4 42. Kg2 Rxf4 43. Kg3 Ra4 44. h5+ Kh6 1/2-1/2

[Event "Krefeld op"]
[Site "Krefeld"]
[Date "2023.08.04"]
[Round "4"]
[White "Boehme, Sebastian2222"]
[Black "Eichert, Jonathan"]
[Result "1-0"]
[WhiteElo "1644"]
[BlackElo "1894"]
[PlyCount "71"]
[EventDate "2023.08.02"]
[EventType "swiss"]
[EventRounds "9"]
[EventCountry "GER"]
[SourceTitle "CBM 215 Extra"]
[Source "ChessBase"]
[SourceDate "2023.09.30"]
[SourceVersion "1"]
[SourceVersionDate "2023.09.30"]
[SourceQuality "1"]

1. d4 Nf6 2. f3 d5 3. e4 dxe4 4. Nc3 e6 5. fxe4 Bb4 6. Qd3 Nc6 7. Nf3 0-0 8. Bg5 Be7 9. h3 Nb4 10. Qd2 c5 11. a3 Qa5 12. e5 Ne4 13. Nxe4 Bxg5 14. Nexg5 Nxc2+ 15. Kd1 Qxd2+ 16. Kxd2 Nxa1 17. Bc4 b5 18. Ba2 cxd4 19. Rxa1 h6 20. Ne4 a6 21. Rc1 Bb7 22. Nd6 Bxf3 23. gxf3 Ra7 24. Kd3 Kh7 25. Kxd4 g5 26. Rc6 Kg7 27. Ke4 Rd8 28. Bb3 Rdd7 29. Ke3 Kh8 30. Rc8+ Kg7 31. Ne8+ Kg6 32. Bc2+ f5 33. Bb3 f4+ 34. Ke2 Kf5 35. Rc5 Re7 36. Bc2# 1-0

[Event "Krefeld op"]
[Site "Krefeld"]
[Date "2023.08.02"]
[Round "1"]
[White "Eichert, Jonathan"]
[Black "Klees, Robert"]
[Result "1-0"]
[WhiteElo "1894"]
[BlackElo "1459"]
[PlyCount "41"]
[EventDate "2023.08.02"]
[EventType "swiss"]
[EventRounds "9"]
[EventCountry "GER"]
[SourceTitle "CBM 215 Extra"]
[Source "ChessBase"]
[SourceDate "2023.09.30"]
[SourceVersion "1"]
[SourceVersionDate "2023.09.30"]
[SourceQuality "1"]

1. d4 c5 2. d5 Nf6 3. c4 d6 4. Nc3 e5 5. e4 Be7 6. Nf3 Bg4 7. h3 Bh5 8. Be2 Nbd7 9. Qc2 Nb6 10. Bd2 0-0 11. b3 h6 12. g4 Nxg4 13. hxg4 Bxg4 14. Rg1 f5 15. 0-0-0 Kh8 16. Nh2 Bxe2 17. Nxe2 fxe4 18. Qxe4 Bh4 19. Ng4 h5 20. Rh1 Qe7 21. Qg6 1-0